| 000 | 01239cam a22003254a 4500 | ||
|---|---|---|---|
| 001 | 16530115 | ||
| 005 | 20170105102851.0 | ||
| 008 | 101103s2011 enk b 001 0 eng | ||
| 010 | _a 2010046974 | ||
| 020 | _a9780415563727 (hardback) | ||
| 020 | _a9780203816400 (ebook) | ||
| 040 |
_aDLC _cDLC _dDLC |
||
| 043 | _ae------ | ||
| 050 | 0 | 0 |
_aJN34.5 _b.N49 2011 |
| 082 | 0 | 0 |
_a341.2422 _222 |
| 245 | 0 | 0 |
_aNew regionalism and the European Union : _bdialogues, comparisons and new research directions / _cedited by Alex Warleigh-Lack, Nick Robinson, and Ben Rosamond. |
| 260 |
_aMilton Park, Abingdon, Oxon, [England] ; _aNew York : _bRoutledge, _cc2011. |
||
| 300 |
_axxiv, 289 p. ; _c24 cm. |
||
| 490 | 0 |
_aRoutledge/ECPR studies in European political science ; _v74 |
|
| 504 | _aIncludes bibliographical references and index. | ||
| 610 | 2 | 0 | _aEuropean Union. |
| 650 | 0 |
_aRegionalism _zEuropean Union countries. |
|
| 650 | 0 |
_aRegionalism _vCross-cultural studies. |
|
| 700 | 1 | _aWarleigh, Alex. | |
| 700 | 1 |
_aRobinson, Nick _q(Nick T.) |
|
| 700 | 1 | _aRosamond, Ben. | |
| 906 |
_a7 _bcbc _corignew _d1 _eecip _f20 _gy-gencatlg |
||
| 942 |
_2ddc _cBK |
||
| 999 |
_c14261 _d14261 |
||